<?xml version="1.0" encoding="UTF-8"?>
<record
    xmlns:xsi="http://www.w3.org/2001/XMLSchema-instance"
    xsi:schemaLocation="http://www.loc.gov/MARC21/slim http://www.loc.gov/standards/marcxml/schema/MARC21slim.xsd"
    xmlns="http://www.loc.gov/MARC21/slim">

  <leader>02333nam a22003137a 4500</leader>
  <controlfield tag="001">000351</controlfield>
  <controlfield tag="003">DO-SdBNP</controlfield>
  <controlfield tag="005">20171109094917.0</controlfield>
  <controlfield tag="007">000351</controlfield>
  <controlfield tag="008">160705b 2008 mau  a      ||||| |||| 00| 0 spa d</controlfield>
  <datafield tag="020" ind1=" " ind2=" ">
    <subfield code="a">9780262026284</subfield>
  </datafield>
  <datafield tag="040" ind1=" " ind2=" ">
    <subfield code="a">BPMSU</subfield>
    <subfield code="b">spa</subfield>
    <subfield code="c">BPMSU</subfield>
  </datafield>
  <datafield tag="082" ind1=" " ind2="4">
    <subfield code="a">332.01</subfield>
    <subfield code="b">B472f, 2008</subfield>
  </datafield>
  <datafield tag="092" ind1=" " ind2=" ">
    <subfield code="b">       </subfield>
  </datafield>
  <datafield tag="100" ind1="1" ind2=" ">
    <subfield code="a">Benninga, Simon</subfield>
  </datafield>
  <datafield tag="245" ind1="1" ind2="0">
    <subfield code="a">Financial modeling /</subfield>
    <subfield code="c">Simon Benninga ; with a section on Visual Basic for Applications by Benjamin Czaczkes.</subfield>
  </datafield>
  <datafield tag="250" ind1=" " ind2=" ">
    <subfield code="a">3a.ed.</subfield>
  </datafield>
  <datafield tag="260" ind1=" " ind2=" ">
    <subfield code="a">Cambridge, Massachusetts : </subfield>
    <subfield code="b">The MIT Press, </subfield>
    <subfield code="c">2008.</subfield>
  </datafield>
  <datafield tag="300" ind1=" " ind2=" ">
    <subfield code="a">xxviii, 1133 p. : </subfield>
    <subfield code="b">il. ; </subfield>
    <subfield code="c">24 cm + </subfield>
    <subfield code="e">1 CD-ROM</subfield>
  </datafield>
  <datafield tag="504" ind1=" " ind2=" ">
    <subfield code="a"> Bibliograf&#xED;a : p. 1095-1106</subfield>
  </datafield>
  <datafield tag="505" ind1="0" ind2=" ">
    <subfield code="t">Basic financial calculations --</subfield>
    <subfield code="t">Calculating the cost of capitol --</subfield>
    <subfield code="t">Financial statement modeling --</subfield>
    <subfield code="t">Building a financial model: the case of PPG corporation --</subfield>
    <subfield code="t">Bank Valuation --</subfield>
    <subfield code="t">The financial analysis of leasing --</subfield>
    <subfield code="t">The financial analysis of leveraged leases --</subfield>
    <subfield code="t">Portfolio Models-introduction --</subfield>
    <subfield code="t">Calculating efficient portfolios when there are no short-sale restrictions --</subfield>
    <subfield code="t">Calculating the variance-covariance matrix --</subfield>
    <subfield code="t">Estimating betas and the security market line --</subfield>
    <subfield code="t">Efficient portfolios without short sales --</subfield>
    <subfield code="t">The black-litterman approach to portfolio optimization --</subfield>
    <subfield code="t">Event studies --</subfield>
    <subfield code="t">Value at risk --</subfield>
    <subfield code="t">An introduction to options --</subfield>
    <subfield code="t">The binomial option-pricing model --</subfield>
    <subfield code="t">The lognormal distribution --</subfield>
    <subfield code="t">The Black-Scholes model --</subfield>
    <subfield code="t">Option Greeks --</subfield>
    <subfield code="t">Portfolio insurance --</subfield>
    <subfield code="t">An introduction of Monte Carlo methods --</subfield>
    <subfield code="t">Using Monte Carlo methods for option pricing --</subfield>
    <subfield code="t">Real options --</subfield>
    <subfield code="t">Duration --</subfield>
    <subfield code="t">Immunization strategies --</subfield>
    <subfield code="t">Modeling the term structure --</subfield>
    <subfield code="t">Calculating default-adjusted expected bond returns --</subfield>
    <subfield code="t">Generating random numbers --</subfield>
    <subfield code="t">Data tables --</subfield>
    <subfield code="t">Matrices --</subfield>
    <subfield code="t">The Gauss-Seidel method --</subfield>
    <subfield code="t">Excel functions --</subfield>
    <subfield code="t">Using Array functions and formulas --</subfield>
    <subfield code="t">Some excel hints --</subfield>
    <subfield code="t">User-defined functions with VBA --</subfield>
    <subfield code="t">Types and loops --</subfield>
    <subfield code="t">Macros and user interaction --</subfield>
    <subfield code="t">Arrays --</subfield>
    <subfield code="t">Objects and add-ins --</subfield>
    <subfield code="t">Information from the web.</subfield>
  </datafield>
  <datafield tag="650" ind1=" " ind2="4">
    <subfield code="a">ECONOMIA</subfield>
    <subfield code="x">MODELOS MATEM&#xC1;TICOS</subfield>
  </datafield>
  <datafield tag="650" ind1=" " ind2="4">
    <subfield code="a">FINANZAS</subfield>
    <subfield code="x">MODELOS MATEM&#xC1;TICOS</subfield>
  </datafield>
  <datafield tag="700" ind1="1" ind2="2">
    <subfield code="a">Czaczkes, Benjamin.</subfield>
  </datafield>
  <datafield tag="910" ind1=" " ind2=" ">
    <subfield code="a">Validado. Control de calidad MFF</subfield>
  </datafield>
  <datafield tag="942" ind1=" " ind2=" ">
    <subfield code="2">ddc</subfield>
    <subfield code="c">BK</subfield>
  </datafield>
  <datafield tag="945" ind1=" " ind2=" ">
    <subfield code="a">Inventariado, 2017/MFF</subfield>
  </datafield>
  <datafield tag="952" ind1=" " ind2=" ">
    <subfield code="0">0</subfield>
    <subfield code="1">0</subfield>
    <subfield code="2">ddc</subfield>
    <subfield code="4">0</subfield>
    <subfield code="7">0</subfield>
    <subfield code="8">CG</subfield>
    <subfield code="a">BPMET</subfield>
    <subfield code="b">BPMET</subfield>
    <subfield code="d">2016-07-05</subfield>
    <subfield code="e">Roberto Antonio F&#xE9;rnandez</subfield>
    <subfield code="l">0</subfield>
    <subfield code="o">332.01   B472f   2008</subfield>
    <subfield code="p">BPMSU16070058</subfield>
    <subfield code="r">2016-07-05</subfield>
    <subfield code="w">2016-07-05</subfield>
    <subfield code="y">BK</subfield>
  </datafield>
  <datafield tag="956" ind1=" " ind2=" ">
    <subfield code="2">LOPEREZ</subfield>
    <subfield code="3">10</subfield>
    <subfield code="6">20160705</subfield>
    <subfield code="8">BPMSU</subfield>
    <subfield code="a">00041</subfield>
  </datafield>
  <datafield tag="999" ind1=" " ind2=" ">
    <subfield code="c">10676</subfield>
    <subfield code="d">10676</subfield>
  </datafield>
</record>
